| 000 | 00461 a2200145 4500 | ||
|---|---|---|---|
| 020 | _a0470178205 (cloth) | ||
| 020 | _a9780470178201 (cloth) | ||
| 082 | _a624.151 FEN | ||
| 100 | _aFenton, Gordon A. | ||
| 245 |
_aRisk assessment in geotechnical engineering / _cGordan A. Fenton, D.V. Griffiths. |
||
| 260 |
_aHoboken, N.J. : _bJohn Wiley & Sons, _c2008. |
||
| 300 |
_axvii, 461 p. : _bill. ; _c29 cm. |
||
| 650 | _aSoil mechanics. | ||
| 650 | _aRock mechanics. | ||
| 650 | _aRisk assessment. | ||
| 999 |
_c2310 _d2310 |
||